000 00233nam a22000977a 4500
999 _c263101
_d263100
020 _a0439559634
100 _aGeronimo Stilton
245 _aLost Treasure of the Emerald Eye.
260 _aNew York
_bScholastic Inc
_c2004
942 _cBK